Datum a čas kvízu
24.5
Celkem bodů
Celkový počet nahraných bodů na tomto kvízu bez doplňovacích otázek.
6.
Pořadí na kvízu
Konečné umístění týmu na tomto kvízu.
Zaznamenané odpovědi
| # | Otázka | Odpověď | Body | Výsledky |
|---|---|---|---|---|
| 1. | Minulé pondělí došlo k obnoven... | Družba | 1 | |
| 2. | Bílý dům chtěl po americkém ná... | John McCain | 0 | |
| 3. | Spekulace o obsazení hlavní ro... | Robert Pattinson | 1 | |
| 4. | Italsko-americká automobilka F... | Renault | 0 | |
| 5. | Fotbalový klub z Birminghamu s... | Aston Villa | 0 | |
| 6. | Začneme složením vzduchu. Že j... | 1C 2B 3D 4A | 1 | |
| 7. | Kvalitě vzduchu v restauracích... | 2. čtvrtletí 2017 | 1 | |
| 8. | Seřaďte první čtyři vrstvy atm... | 1D 2A 3B 4C | 0 | |
| 9. | Na obrázku vidíme meteorologic... | izobary | 0 | |
| 10. | Vítr je zjednodušeně řečeno po... | meteorismus | 0 |